| 000 | 00901cab a22001935a 4500 | ||
|---|---|---|---|
| 001 | L149914 | ||
| 008 | 100517e2010 xxk 000 0 eng d | ||
| 035 | _a(Sirsi) u149914 | ||
| 041 | 0 | _aeng | |
| 245 | 0 | 0 |
_aRichard Buxton Solicitors v Mills-Owens _h[electronic resource] |
| 260 | _c2010 | ||
| 520 | _a[2010] EWCA Civ 122, 23 February 2010. Concerned with whether a solicitor retained by a client who is convinced that his/her client's case is unarguable is entitled to terminate its retainer and request payment for professional fees for work undertaken prior to termination. "Held" appeal allowed. | ||
| 590 | _aKA | ||
| 650 | 2 | 4 | _aRICHARD BUXTON SOLICITORS V MILLS-OWENS |
| 651 | 4 |
_aEngland and Wales _y1543- |
|
| 690 | _aMANAGEMENT-BUSINESS MANAGEMENT-FEES | ||
| 856 | 4 | 8 |
_aluhttp://www.bailii.org/ew/cases/EWCA/Civ/2010/122.htm _z View this item free of charge at www.bailii.org |
| 942 | _n0 | ||
| 999 |
_c82323 _d82323 |
||